000 00526nam a2200205Ia 4500
003 OSt
005 20230506134839.0
008 210423s2008 xx 000 0 und d
020 _a8187134828
040 _cAL
041 _aeng
082 _a574.192
_223
_b SATU
100 _aSATYANARAYANA (U);CHAKRAPANI (U).
_999438
245 _aEssentials of biochemistry.
260 _aKolkata
_bBooks & Allied Pvt Ltd
_c2008
300 _a369
_bPB
365 _b445
_cINR
906 _abiochemistry ; Essentials
942 _2ddc
_cBK
999 _c163776
_d163776